| 000 | 00931nam a22002897a 4500 | ||
|---|---|---|---|
| 001 | 3871787 | ||
| 003 | OSt | ||
| 005 | 20210421065316.0 | ||
| 008 | 890828s1990 nyua b 001 0 eng | ||
| 010 | _a 89023020 | ||
| 020 | _a0195053125 (alk. paper) | ||
| 040 |
_aeng _cDLC _deng _beng |
||
| 041 | _aeng | ||
| 050 | 0 | 0 |
_aHG174 _b.D68 1990 |
| 080 |
_a336 _bD-76 |
||
| 082 | 0 | 0 |
_a332/.01/5192 _220 |
| 100 | 1 | _aDothan, Michael U. | |
| 245 | 1 | 0 |
_aPrices in financial markets / _cMichael U. Dothan. |
| 260 |
_aNew York : _bOxford University Press, _c1990. |
||
| 300 |
_axv, 342 p. : _c25 cm. |
||
| 504 | _aIncludes bibliographical references (p. 331-336) and index. | ||
| 650 | 0 |
_aFinance _xMathematical models. |
|
| 653 | _aფინანსები | ||
| 856 | 4 | 2 |
_3Publisher description _uhttp://www.loc.gov/catdir/enhancements/fy0603/89023020-d.html |
| 906 |
_a7 _bcbc _corignew _d1 _eocip _f19 _gy-gencatlg |
||
| 942 |
_2udc _cBK |
||
| 999 |
_c679 _d679 |
||